000 nam a22 a 4500
999 _c1186
_d1186
003 AKMAL
005 20170508150519.0
008 170508s1990 my 00 may d
040 _aAKMAL
082 0 4 _a297.4 MAH
090 2 0 _a297.4
_bMAH
100 1 _aSahli, Mahfudli
_92397
245 1 _aKebun akhiratku :
_bpetunjuk dan tuntunan berdasarkan al-Quran & hadits dalam mengayuh kehidupan rumahtangga yang bahagia dunia dan akherat /
_cMahfudi Sahli
260 _aCheras :
_bPustaka Bacamedia,
_c1990
300 _a95ms. ;
_c21cm
505 0 _aMengandungi ayat-ayat dari Quran
650 _aMarriage customs and rites, Islamic
_91899
650 _aMuslim women
_xConduct of life
_91655
942 _2ddc
_cBOOK